[Event "Skopje MKD"]
[Site "Skopje MKD"]
[Date "2014.04.04"]
[Round "8.42"]
[White "Maisuradze, Nino"]
[Black "Karavade, Eesha"]
[Result "0-1"]
[WhiteElo "2274"]
[BlackElo "2408"]
[PlyCount "75"]
[EventDate "2014.03.29"]
[EventType "swiss"]
[EventRounds "9"]

1. d4 Nf6 2. c4 e6 3. Nf3 b6 4. a3 Bb7 5. Nc3 d5 6. cxd5 Nxd5 7. Qc2 Nd7 8. e4
Nxc3 9. bxc3 c5 10. Bd3 Qc7 11. Qe2 cxd4 12. Bb2 dxc3 13. Rc1 Bc5 14. Rxc3 O-O
15. O-O Ne5 16. Bb1 Nxf3+ 17. Rxf3 Rad8 18. Rh3 Bd4 19. e5 g6 20. Bxd4 Rxd4 21.
Qe3 Qc6 22. Qg5 Rfd8 23. Re3 R8d7 24. h3 Qc5 25. Kh2 Qe7 26. Qg3 Rd1 27. Rxd1
Rxd1 28. Bc2 Rd4 29. Rc3 Kg7 30. Qe3 Qd8 31. Bb3 a5 32. Bc2 b5 33. Rc5 Rd5 34.
Rxd5 Bxd5 35. Qf4 Qe7 36. Qe3 h6 37. Bd1 b4 38. a4 0-1

[Event "Skopje MKD"]
[Site "Skopje MKD"]
[Date "2014.04.04"]
[Round "8.43"]
[White "Papadimitriou, Athanasios"]
[Black "Valsecchi, Alessio"]
[Result "1/2-1/2"]
[WhiteElo "2261"]
[BlackElo "2407"]
[PlyCount "99"]
[EventDate "2014.03.29"]
[EventType "swiss"]
[EventRounds "9"]

1. Nf3 c5 2. g3 Nc6 3. d4 cxd4 4. Nxd4 g6 5. Bg2 Bg7 6. Nb3 d6 7. Nc3 Be6 8.
O-O Rc8 9. e4 h5 10. Nd5 h4 11. c3 Qd7 12. Nf4 h3 13. Bh1 Bc4 14. Re1 Nf6 15.
Nd2 Ba6 16. Nf3 Ng4 17. Qa4 Nge5 18. Nxe5 Nxe5 19. Qxd7+ Kxd7 20. Be3 Nc4 21.
Bxa7 Nxb2 22. Nd5 Na4 23. Bd4 e5 24. Be3 Bc4 25. Nb6+ Nxb6 26. Bxb6 Rc6 27. Ba5
Ra8 28. Bb4 Rxa2 29. Rxa2 Bxa2 30. Bf3 Be6 31. Rd1 Bf8 32. Be2 Rc8 33. Bf1 g5
34. f3 g4 35. f4 exf4 36. gxf4 Bc4 37. Kf2 Bxf1 38. Rxf1 Bg7 39. Rd1 Bxc3 40.
Bxd6 Rc4 41. Kg3 Rxe4 42. Be5+ Ke6 43. Bxc3 Re3+ 44. Kxg4 Rxc3 45. Rb1 Rc7 46.
Kxh3 f5 47. Rb5 Rh7+ 48. Kg3 Rg7+ 49. Kf3 Rf7 50. Ke3 1/2-1/2

[Event "Skopje MKD"]
[Site "Skopje MKD"]
[Date "2014.04.04"]
[Round "8.44"]
[White "Petrisor, Adrian Marian"]
[Black "Vatter, Hans Joachim"]
[Result "1-0"]
[WhiteElo "2406"]
[BlackElo "2275"]
[PlyCount "73"]
[EventDate "2014.03.29"]
[EventType "swiss"]
[EventRounds "9"]

1. Nf3 Nf6 2. c4 e6 3. g3 d5 4. Bg2 Nbd7 5. O-O dxc4 6. Qa4 a6 7. Qxc4 b5 8.
Qc2 Bb7 9. d4 c5 10. a4 bxa4 11. Qxa4 cxd4 12. Bg5 Be7 13. Nxd4 Bxg2 14. Kxg2
Qb6 15. Bxf6 Bxf6 16. Nf3 Ra7 17. Rd1 Qb7 18. Na3 O-O 19. Nc4 Nb6 20. Nxb6 Qxb6
21. Rd2 Rb8 22. Rad1 h6 23. h4 Qb5 24. Qf4 Rc8 25. g4 Rc4 26. e4 Qb4 27. Re2
Be7 28. g5 h5 29. Ne5 Bd6 30. Qe3 Rcc7 31. Nc6 Rxc6 32. Qxa7 Qc4 33. Re3 Bc7
34. Qa8+ Kh7 35. Qe8 Kg6 36. Rd7 e5 37. Rxf7 1-0

[Event "Skopje MKD"]
[Site "Skopje MKD"]
[Date "2014.04.04"]
[Round "8.45"]
[White "Zlatanovic, Boroljub"]
[Black "Grigoriadis, Alexandros"]
[Result "1-0"]
[WhiteElo "2398"]
[BlackElo "2255"]
[PlyCount "73"]
[EventDate "2014.03.29"]
[EventType "swiss"]
[EventRounds "9"]

1. Nc3 c5 2. e4 e6 3. f4 a6 4. Nf3 Nc6 5. g4 d5 6. d3 g6 7. Bg2 Bg7 8. O-O Nge7
9. Ne2 O-O 10. g5 c4 11. d4 dxe4 12. Ne5 Nf5 13. Nxc4 Ncxd4 14. Bxe4 Qc7 15.
Ne5 Rd8 16. Nxd4 Rxd4 17. Qf3 Bxe5 18. fxe5 Qxe5 19. Re1 Bd7 20. c3 Rc4 21. b3
Rxc3 22. Bb2 Qc5+ 23. Qf2 Qxf2+ 24. Kxf2 Rc5 25. Bxb7 Rc2+ 26. Re2 Rxe2+ 27.
Kxe2 Bb5+ 28. Ke1 Rb8 29. Rc1 f6 30. Bc8 fxg5 31. Bxe6+ Kf8 32. Rc7 Re8 33.
Ba3+ Ne7 34. Kf2 Bd3 35. Ke3 Bf5 36. Bc4 g4 37. Kf4 1-0

[Event "Skopje MKD"]
[Site "Skopje MKD"]
[Date "2014.04.04"]
[Round "8.46"]
[White "Posedaru, Bogdan Stefan"]
[Black "Videnova, Iva"]
[Result "0-1"]
[WhiteElo "2381"]
[BlackElo "2251"]
[PlyCount "140"]
[EventDate "2014.03.29"]
[EventType "swiss"]
[EventRounds "9"]

1. d4 Nf6 2. Nf3 g6 3. Nbd2 d5 4. e3 Bg7 5. b4 O-O 6. Be2 c6 7. O-O a5 8. c3
axb4 9. cxb4 Qd6 10. Qb3 Nbd7 11. a4 e5 12. Nxe5 Nxe5 13. dxe5 Qxe5 14. Bb2 Qc7
15. Nf3 Ne4 16. Bxg7 Kxg7 17. Rfc1 Qe7 18. b5 Bd7 19. a5 Qf6 20. b6 Bg4 21. Qd3
Rfd8 22. h3 Bxf3 23. gxf3 Nc5 24. Qc3 Qxc3 25. Rxc3 Na6 26. Kf1 Kf8 27. h4 Ke7
28. h5 d4 29. exd4 Rxd4 30. hxg6 hxg6 31. Bc4 Kf6 32. Kg2 Nb4 33. Kg3 Kg7 34.
Bf1 Rd5 35. Ra4 Rg5+ 36. Kf4 Rf5+ 37. Kg3 Nd5 38. Rca3 Rg5+ 39. Rg4 Rxg4+ 40.
fxg4 Nxb6 41. Kf4 Nd7 42. g5 Nc5 43. Ke5 Rd8 44. Bc4 Rd2 45. Rf3 Nd7+ 46. Ke4
f5+ 47. gxf6+ Nxf6+ 48. Ke5 Rd1 49. Ke6 Ne4 50. Rf7+ Kh6 51. Rf4 Nc5+ 52. Kf6
Nd7+ 53. Ke7 Ne5 54. Be6 c5 55. Re4 Nc6+ 56. Kf6 Rd4 57. f3 Nxa5 58. Ke5 Nc6+
59. Kf4 b6 60. Bc4 Rd6 61. Re8 Rd4+ 62. Re4 Rxe4+ 63. Kxe4 Kg7 64. Kd5 Nd4 65.
f4 Kf6 66. Bd3 Ne6 67. Ke4 Nc7 68. Bc4 b5 69. Bg8 c4 70. Kd4 Kg7 0-1

[Event "Skopje MKD"]
[Site "Skopje MKD"]
[Date "2014.04.04"]
[Round "8.47"]
[White "Petrov, Georgi"]
[Black "Radovanovic, Dusan"]
[Result "0-1"]
[WhiteElo "2210"]
[BlackElo "2379"]
[PlyCount "80"]
[EventDate "2014.03.29"]
[EventType "swiss"]
[EventRounds "9"]

1. Nf3 Nf6 2. c4 e6 3. Nc3 c5 4. g3 b6 5. Bg2 Bb7 6. O-O Be7 7. d4 cxd4 8. Qxd4
d6 9. Rd1 a6 10. Bg5 Nbd7 11. Qd2 O-O 12. Bf4 Ne8 13. e4 Rc8 14. b3 Qc7 15.
Rac1 Ne5 16. Nd4 Nf6 17. Nde2 Qb8 18. h3 Rfd8 19. Be3 b5 20. f4 Ng6 21. cxb5
axb5 22. Qd3 b4 23. Na4 Rxc1 24. Rxc1 Qa8 25. Bd2 Bxe4 26. Bxe4 Nxe4 27. Bxb4
Bf6 28. Qe3 d5 29. Be1 Ne7 30. g4 h6 31. Ng3 Nxg3 32. Bxg3 d4 33. Qd3 Nd5 34.
Qe4 Rc8 35. Rd1 Qc6 36. Be1 Qc2 37. Qxc2 Rxc2 38. Bd2 Rxa2 39. Nc5 Nc3 40. Bxc3
dxc3 0-1

[Event "Skopje MKD"]
[Site "Skopje MKD"]
[Date "2014.04.04"]
[Round "8.48"]
[White "Maier, Christian"]
[Black "Sorgic, Dragan"]
[Result "1-0"]
[WhiteElo "2376"]
[BlackElo "2244"]
[PlyCount "59"]
[EventDate "2014.03.29"]
[EventType "swiss"]
[EventRounds "9"]

1. e4 c5 2. Nf3 Nc6 3. Bb5 g6 4. O-O Bg7 5. Nc3 e5 6. a3 Nge7 7. b4 d6 8. Rb1
O-O 9. Re1 h6 10. Bc4 Kh7 11. h3 f5 12. d3 f4 13. Nd5 g5 14. c3 Ng6 15. Nh2 f3
16. Nxf3 g4 17. Nh2 Qh4 18. Be3 g3 19. Nf3 gxf2+ 20. Bxf2 Qh5 21. Nh2 Qg5 22.
Re3 Nf4 23. Rg3 Qd8 24. bxc5 Bf6 25. Nf3 Na5 26. Ba2 Be6 27. d4 Bxd5 28. Bxd5
Nxd5 29. exd5 e4 30. Qc2 1-0

[Event "Skopje MKD"]
[Site "Skopje MKD"]
[Date "2014.04.04"]
[Round "8.49"]
[White "Radovanovic, Jovica"]
[Black "Makoli, Perparim"]
[Result "1-0"]
[WhiteElo "2372"]
[BlackElo "2242"]
[PlyCount "95"]
[EventDate "2014.03.29"]
[EventType "swiss"]
[EventRounds "9"]

1. e4 c5 2. Nf3 e6 3. c3 d5 4. exd5 Qxd5 5. d4 Nc6 6. Na3 Nf6 7. Nb5 Qd8 8.
dxc5 Bxc5 9. Qxd8+ Kxd8 10. Bf4 Ne4 11. Rd1+ Ke7 12. Nbd4 Bd7 13. Bd3 Nf6 14.
Nb3 Bb6 15. O-O Rac8 16. Rfe1 Rhd8 17. h3 h6 18. Ne5 Be8 19. Nc4 Bc7 20. Be3 b6
21. Nd4 Nxd4 22. Bxd4 Kf8 23. Ne5 Nd5 24. g3 Ne7 25. Ba6 Rb8 26. Bf1 Nc6 27.
Nxc6 Bxc6 28. Bg2 Bxg2 29. Kxg2 Rd6 30. Be3 Rxd1 31. Rxd1 Ke7 32. Kf3 Bd6 33.
g4 Rb7 34. Ke4 Rc7 35. Rxd6 Kxd6 36. Bf4+ Kc6 37. Bxc7 Kxc7 38. f4 Kd6 39. h4
f6 40. Kd4 b5 41. h5 Kc6 42. a3 Kd6 43. c4 Kc6 44. b3 a6 45. Kc3 a5 46. Kd4 Kb6
47. Ke4 Kc6 48. a4 1-0

[Event "Skopje MKD"]
[Site "Skopje MKD"]
[Date "2014.04.04"]
[Round "8.50"]
[White "Nikolov, Sasho"]
[Black "Jefic, Srdjan"]
[Result "1-0"]
[WhiteElo "2358"]
[BlackElo "2214"]
[PlyCount "109"]
[EventDate "2014.03.29"]
[EventType "swiss"]
[EventRounds "9"]

1. d4 d5 2. Nf3 Nf6 3. c4 c6 4. Qc2 g6 5. Bf4 Bg7 6. e3 O-O 7. Nc3 a6 8. h3 b5
9. cxd5 cxd5 10. Be2 Bf5 11. Qb3 Nc6 12. O-O Na5 13. Qb4 Nc6 14. Qb3 Na5 15.
Qd1 Qb6 16. Ne5 Rfd8 17. Nd3 Bxd3 18. Bxd3 Rac8 19. Qe2 Rc6 20. Bg5 h6 21. Bh4
e6 22. Qf3 g5 23. Bg3 Nc4 24. Qe2 Rdc8 25. a4 Nxb2 26. Nxd5 Nxd5 27. Qxb2 Rc3
28. Qe2 Nb4 29. Bb1 Nc2 30. Ra2 Nb4 31. a5 Qd8 32. Rb2 Nd5 33. Kh2 Qxa5 34. e4
Ne7 35. Bd6 Nc6 36. e5 Nxd4 37. Qe4 Nf5 38. Bb4 Qc7 39. Bxc3 Qxc3 40. Re2 Qc7
41. g3 Rd8 42. Rfe1 Rd5 43. Qxd5 exd5 44. Bxf5 Qc5 45. Rc2 Qd4 46. Rc8+ Bf8 47.
Kg2 Kg7 48. Rc7 Bb4 49. Re3 Kf8 50. Bg4 Be7 51. e6 f6 52. Bf5 a5 53. Rec3 Qe5
54. Rc8+ Kg7 55. R3c7 1-0

[Event "Skopje MKD"]
[Site "Skopje MKD"]
[Date "2014.04.04"]
[Round "8.51"]
[White "Ilic, Ljubomir"]
[Black "Klasan, Vladimir"]
[Result "0-1"]
[WhiteElo "2195"]
[BlackElo "2345"]
[PlyCount "110"]
[EventDate "2014.03.29"]
[EventType "swiss"]
[EventRounds "9"]

1. e4 c5 2. Nc3 d6 3. Bb5+ Nc6 4. Bxc6+ bxc6 5. d3 e5 6. h3 Ne7 7. Nf3 Ng6 8.
O-O Be7 9. b3 O-O 10. g4 d5 11. Ne2 c4 12. Ng3 cxd3 13. Qxd3 Qb6 14. Nf5 Bc5
15. c4 Ba6 16. Qc3 f6 17. Qc2 Rad8 18. Be3 Bxe3 19. Nxe3 Nf4 20. Kh2 dxe4 21.
Nd2 Qd4 22. Nxe4 Nd3 23. Ng3 g6 24. Rad1 e4 25. Qe2 Qe5 26. Ng2 f5 27. f3 exf3
28. Rxf3 Qxe2 29. Nxe2 Ne5 30. Rff1 fxg4 31. Rxf8+ Rxf8 32. hxg4 Rf2 33. Rd8+
Kf7 34. Ra8 Rxe2 35. Rxa7+ Kf6 36. Rxa6 Nxg4+ 37. Kg3 Ne5 38. a4 g5 39. Ra8 Rb2
40. Rb8 Nxc4 41. Ne1 Ne5 42. Nf3 h5 43. Nxe5 Kxe5 44. a5 Ra2 45. Rg8 Kf5 46.
Rf8+ Kg6 47. Rc8 h4+ 48. Kf3 Rxa5 49. Rxc6+ Kf5 50. Rc4 Rd5 51. Rc3 g4+ 52. Ke3
Rb5 53. Rd3 Re5+ 54. Kf2 Kf4 55. Rd4+ Re4 0-1

[Event "Skopje MKD"]
[Site "Skopje MKD"]
[Date "2014.04.04"]
[Round "8.52"]
[White "Tesik, Csaba"]
[Black "Demircioglu, Emre"]
[Result "1/2-1/2"]
[WhiteElo "2344"]
[BlackElo "2152"]
[PlyCount "88"]
[EventDate "2014.03.29"]
[EventType "swiss"]
[EventRounds "9"]

1. e4 e5 2. Nf3 Nc6 3. Bb5 a6 4. Ba4 Nf6 5. O-O b5 6. Bb3 Bc5 7. c3 d6 8. d4
Bb6 9. Be3 O-O 10. Nbd2 Bd7 11. h3 h6 12. dxe5 dxe5 13. Qe2 Re8 14. Rfd1 Na5
15. Bc2 c5 16. Nh4 Nc6 17. Qf3 Nd4 18. cxd4 cxd4 19. Bxh6 gxh6 20. Bd3 Kh7 21.
Nf1 Be6 22. Ng3 Nd7 23. Nhf5 Bc5 24. Nf1 Bf8 25. Nd2 Nc5 26. Qe2 Rc8 27. Ng3
Bd6 28. Nf5 Bf8 29. Ng3 Kh8 30. Rdc1 Qf6 31. Nf3 Nxd3 32. Qxd3 Bc4 33. Qd2 Qf4
34. Qa5 Bd3 35. Re1 Qf6 36. Qd2 Bc4 37. Rec1 Be6 38. Qe2 Bd7 39. Kh2 Bd6 40.
Ne1 Rxc1 41. Rxc1 Rc8 42. Rxc8+ Bxc8 43. Nd3 Bd7 44. Qd2 Bc7 1/2-1/2

[Event "Skopje MKD"]
[Site "Skopje MKD"]
[Date "2014.04.04"]
[Round "8.53"]
[White "Atakisi, Umut"]
[Black "Megalios, Konstantinos"]
[Result "1/2-1/2"]
[WhiteElo "2340"]
[BlackElo "2192"]
[PlyCount "71"]
[EventDate "2014.03.29"]
[EventType "swiss"]
[EventRounds "9"]

1. e4 d5 2. exd5 Qxd5 3. Nc3 Qa5 4. d4 Nf6 5. Nf3 Bf5 6. Bc4 e6 7. Bd2 Bb4 8.
a3 Bxc3 9. Bxc3 Qb6 10. d5 Nbd7 11. O-O O-O 12. dxe6 Bxe6 13. Bxe6 Qxe6 14. Re1
Qf5 15. Bxf6 Nxf6 16. Re5 Qf4 17. Qe2 Rfe8 18. Rd1 Rxe5 19. Qxe5 Qxe5 20. Nxe5
Re8 21. f4 Kf8 22. Rd4 Re7 23. Kf2 Ke8 24. Kf3 Nd7 25. Nd3 f5 26. h3 h5 27. Ra4
a6 28. Rc4 c6 29. Rd4 Re6 30. b4 Ke7 31. a4 h4 32. a5 Rd6 33. Ke3 Re6+ 34. Kf3
Rd6 35. Ke3 Re6+ 36. Kf3 1/2-1/2

[Event "Skopje MKD"]
[Site "Skopje MKD"]
[Date "2014.04.04"]
[Round "8.54"]
[White "Dimitrov, Pavel"]
[Black "Blagojevic, Tijana"]
[Result "1/2-1/2"]
[WhiteElo "2333"]
[BlackElo "2028"]
[PlyCount "96"]
[EventDate "2014.03.29"]
[EventType "swiss"]
[EventRounds "9"]

1. e4 e5 2. d4 exd4 3. c3 d5 4. exd5 Qxd5 5. Nf3 Nc6 6. Be2 Bg4 7. O-O d3 8.
Qxd3 Qxd3 9. Bxd3 O-O-O 10. Be4 f6 11. Be3 Nge7 12. h3 Bf5 13. Nbd2 Bxe4 14.
Nxe4 Nd5 15. Bd2 Be7 16. Rfe1 Rhe8 17. b4 Bf8 18. a4 Ne5 19. Nxe5 Rxe5 20. Ng3
Rxe1+ 21. Bxe1 Nf4 22. Kf1 Nd3 23. Ra2 Nxe1 24. Kxe1 g6 25. Rd2 f5 26. Rxd8+
Kxd8 27. Ke2 Kd7 28. Kd3 Ke6 29. Ne2 a6 30. Nd4+ Kd5 31. Nb3 b5 32. axb5 axb5
33. Nd4 c6 34. Nc2 Bh6 35. Nd4 Bg7 36. Nf3 Bf6 37. Nd2 Bg5 38. Nb3 Bh4 39. g3
Bd8 40. f4 Bb6 41. Nd2 Bf2 42. g4 Bg3 43. gxf5 gxf5 44. Nf3 Bxf4 45. Nd4 Bd6
46. Nxf5 Bf8 47. Nd4 Bg7 48. Nf3 Bf6 1/2-1/2

[Event "Skopje MKD"]
[Site "Skopje MKD"]
[Date "2014.04.04"]
[Round "8.55"]
[White "Alishani, Ibrahim"]
[Black "Basso, Pier Luigi"]
[Result "1-0"]
[WhiteElo "2110"]
[BlackElo "2304"]
[PlyCount "83"]
[EventDate "2014.03.29"]
[EventType "swiss"]
[EventRounds "9"]

1. c4 f5 2. Nc3 Nf6 3. d3 e5 4. Bg5 c6 5. Nf3 h6 6. Bxf6 Qxf6 7. a3 d6 8. g3 g6
9. Bg2 Bg7 10. Rb1 O-O 11. O-O a5 12. Qc2 Be6 13. e3 d5 14. cxd5 cxd5 15. d4 e4
16. Ne5 Nc6 17. Nxc6 bxc6 18. Na4 Rac8 19. Qd2 g5 20. Rfc1 f4 21. Rc5 Bg4 22.
Rbc1 Qe6 23. Nb6 Bh3 24. Nxc8 Bxg2 25. Ne7+ Qxe7 26. Kxg2 f3+ 27. Kh1 Qd7 28.
Rxc6 Qh3 29. Rg1 g4 30. Qxa5 Qh5 31. Rd6 Rf5 32. Qd8+ Kh7 33. Qh4 Qf7 34. Qxg4
Rg5 35. Qd7 Qh5 36. h3 Rf5 37. Kh2 Qg5 38. Rc1 h5 39. h4 Qg4 40. Rcc6 Rf7 41.
Qxf7 Qc8 42. Rh6# 1-0

[Event "Skopje MKD"]
[Site "Skopje MKD"]
[Date "2014.04.04"]
[Round "8.56"]
[White "Percivaldi, Martin"]
[Black "Ilic, Zoran S"]
[Result "1-0"]
[WhiteElo "2109"]
[BlackElo "2297"]
[PlyCount "87"]
[EventDate "2014.03.29"]
[EventType "swiss"]
[EventRounds "9"]

1. d4 Nf6 2. Nf3 e6 3. Bg5 c5 4. c3 h6 5. Bf4 Nc6 6. e3 Nh5 7. Be5 d6 8. Bg3
Nxg3 9. hxg3 d5 10. Nbd2 Bd6 11. Bd3 Qb6 12. Rb1 Bd7 13. Qe2 a5 14. e4 dxe4 15.
Nxe4 Be7 16. dxc5 Bxc5 17. O-O Be7 18. Ned2 O-O 19. Nc4 Qc7 20. Nce5 Nxe5 21.
Nxe5 Bc8 22. Qe4 f5 23. Qe2 Bd6 24. Rfe1 a4 25. Nc4 Bc5 26. Ne5 Bd6 27. Nc4 Bc5
28. Ne5 Bd6 29. Nc4 Be7 30. Ne5 Rf6 31. Bc4 Ra5 32. b3 Bd6 33. Nf3 Bd7 34. Nd4
Re5 35. Qd3 Kh8 36. Rxe5 Bxe5 37. Nf3 axb3 38. Nxe5 bxa2 39. Bxa2 Qxe5 40. Qxd7
f4 41. Qd8+ Kh7 42. Qd3+ Rg6 43. gxf4 Qxf4 44. Bxe6 1-0

[Event "Skopje MKD"]
[Site "Skopje MKD"]
[Date "2014.04.04"]
[Round "8.58"]
[White "Nedev, Trajce"]
[Black "Halmeenmaki, Tuomo"]
[Result "1-0"]
[WhiteElo "2504"]
[BlackElo "2177"]
[PlyCount "83"]
[EventDate "2014.03.29"]
[EventType "swiss"]
[EventRounds "9"]

1. e4 d6 2. d4 Nf6 3. Nc3 g6 4. Bg5 Bg7 5. Qd2 c6 6. f4 O-O 7. Bd3 b5 8. Nf3
Bg4 9. O-O-O Nbd7 10. h3 Bxf3 11. gxf3 b4 12. Ne2 Qa5 13. Kb1 Nb6 14. Nc1 Na4
15. Nb3 Qb6 16. f5 a5 17. Be3 Rfb8 18. fxg6 hxg6 19. Rdg1 Nc3+ 20. bxc3 bxc3
21. Qxc3 a4 22. f4 c5 23. Qb2 axb3 24. cxb3 Qb7 25. Qg2 Qb4 26. Qc2 cxd4 27.
Bd2 Qb7 28. f5 Rc8 29. Qb2 Nxe4 30. fxg6 f5 31. h4 Nc3+ 32. Bxc3 Rxc3 33. Rh3
f4 34. Qe2 e5 35. h5 Rxd3 36. Qxd3 e4 37. Qc4+ d5 38. Qc5 d3 39. Rh2 Qxb3+ 40.
Kc1 Rxa2 41. Qc8+ Bf8 42. Qe6+ 1-0

[Event "Skopje MKD"]
[Site "Skopje MKD"]
[Date "2014.04.04"]
[Round "8.59"]
[White "Zugaj, Fjodor"]
[Black "Arsovic, Zoran"]
[Result "0-1"]
[WhiteElo "2194"]
[BlackElo "2450"]
[PlyCount "100"]
[EventDate "2014.03.29"]
[EventType "swiss"]
[EventRounds "9"]

1. d4 Nf6 2. Nf3 g6 3. g3 c5 4. c4 Bg7 5. Bg2 O-O 6. O-O Nc6 7. Nc3 cxd4 8.
Nxd4 Qa5 9. Nb3 Qh5 10. e4 d6 11. Qxh5 Nxh5 12. Nd5 a5 13. Bg5 a4 14. Nc1 a3
15. Rb1 axb2 16. Nd3 Nf6 17. Bxf6 exf6 18. Rxb2 f5 19. Rd2 Ra3 20. c5 fxe4 21.
Bxe4 Re8 22. Bg2 Bf5 23. Rfd1 Bxd3 24. Rxd3 Rxd3 25. Rxd3 dxc5 26. Rb3 c4 27.
Rxb7 Re1+ 28. Bf1 c3 29. Rc7 c2 30. Rxc6 c1=Q 31. Rxc1 Rxc1 32. Kg2 Rc2 33. Nb4
Rb2 34. a3 Rb3 35. h4 Rxa3 36. Nd3 Bd4 37. Be2 Ra2 38. Kf3 Kg7 39. Nb4 Rb2 40.
Nd5 Rd2 41. Nf4 h5 42. Nd3 Kh6 43. Bf1 f6 44. Be2 Ba7 45. Bf1 Bb6 46. Be2 g5
47. hxg5+ fxg5 48. Bf1 Bd4 49. Kg2 Kg6 50. Kf3 g4+ 0-1

[Event "Skopje MKD"]
[Site "Skopje MKD"]
[Date "2014.04.04"]
[Round "8.60"]
[White "Thiel, Kuno"]
[Black "Westerberg, Jonathan"]
[Result "0-1"]
[WhiteElo "2168"]
[BlackElo "2402"]
[PlyCount "68"]
[EventDate "2014.03.29"]
[EventType "swiss"]
[EventRounds "9"]

1. Nf3 f5 2. d4 Nf6 3. b3 e6 4. Bb2 b6 5. g3 Bb7 6. Bg2 Be7 7. O-O O-O 8. c4 d5
9. Qc2 Ne4 10. e3 c5 11. Nc3 Na6 12. Rfd1 Rc8 13. Qe2 Nc7 14. dxc5 bxc5 15.
Nxe4 fxe4 16. Ne5 Qe8 17. Rac1 Bf6 18. h4 Rd8 19. Bh3 Qe7 20. h5 Qd6 21. Ng4
Bxb2 22. Qxb2 d4 23. h6 e5 24. hxg7 Kxg7 25. b4 Bc8 26. bxc5 Qxc5 27. Kg2 h5
28. Nh2 Bxh3+ 29. Kxh3 Rf5 30. exd4 exd4 31. Nf1 Ne6 32. Ne3 Rf3 33. Qb7+ Rf7
34. Qxe4 Ng5+ 0-1

[Event "Skopje MKD"]
[Site "Skopje MKD"]
[Date "2014.04.04"]
[Round "8.61"]
[White "Arizanov, Tome"]
[Black "Codenotti, Marco"]
[Result "0-1"]
[WhiteElo "2078"]
[BlackElo "2362"]
[PlyCount "72"]
[EventDate "2014.03.29"]
[EventType "swiss"]
[EventRounds "9"]

1. Nf3 g6 2. g3 Bg7 3. Bg2 e5 4. d3 Ne7 5. O-O O-O 6. Na3 d5 7. c3 h6 8. Nc2
Be6 9. Bd2 a5 10. Rb1 Nbc6 11. b3 Qd7 12. c4 f5 13. Nfe1 Rad8 14. Qc1 Kh7 15.
Ne3 d4 16. N3c2 Ng8 17. a3 Nf6 18. b4 axb4 19. axb4 e4 20. b5 Ne7 21. Ra1 c5
22. bxc6 Nxc6 23. Na3 g5 24. Nb5 Qf7 25. Ba5 Rd7 26. f3 e3 27. Nc2 f4 28. g4
Rc8 29. Bb6 Ne8 30. Qb2 Bf6 31. Ra4 Nd6 32. Rfa1 Nxc4 33. Rxc4 Bxc4 34. dxc4 d3
35. Qb1 dxc2 36. Qxc2+ Qg6 0-1

[Event "Skopje MKD"]
[Site "Skopje MKD"]
[Date "2014.04.04"]
[Round "8.62"]
[White "Kacakovski, Dimitar"]
[Black "Draskovic, Luka"]
[Result "0-1"]
[WhiteElo "2143"]
[BlackElo "2360"]
[PlyCount "74"]
[EventDate "2014.03.29"]
[EventType "swiss"]
[EventRounds "9"]

1. d4 Nf6 2. Bg5 c5 3. d5 e5 4. e4 h6 5. Bxf6 Qxf6 6. Nc3 d6 7. Bb5+ Nd7 8. a4
a6 9. Bxd7+ Bxd7 10. Nge2 Be7 11. O-O O-O 12. a5 Qg6 13. Ng3 Qg5 14. Qc1 g6 15.
Na4 Bd8 16. Nb6 Bxb6 17. axb6 Qxc1 18. Rfxc1 a5 19. b3 Ra6 20. Ra3 Rfa8 21.
Rca1 a4 22. bxa4 Rxb6 23. Rb3 Rb4 24. a5 Rxb3 25. cxb3 Bb5 26. Nf1 b6 27. Nd2
Rxa5 28. Rxa5 bxa5 29. f3 f5 30. Kf2 Kf7 31. Ke1 h5 32. exf5 gxf5 33. g4 hxg4
34. fxg4 fxg4 35. Kf2 Bd3 36. Kg3 e4 37. Kf4 Kf6 0-1

[Event "Skopje MKD"]
[Site "Skopje MKD"]
[Date "2014.04.04"]
[Round "8.63"]
[White "Dinev, Dejan"]
[Black "Peczely, Sebastian Zsombor"]
[Result "1-0"]
[WhiteElo "2342"]
[BlackElo "2182"]
[PlyCount "97"]
[EventDate "2014.03.29"]
[EventType "swiss"]
[EventRounds "9"]

1. e4 d5 2. Nc3 dxe4 3. Nxe4 Nf6 4. Nxf6+ exf6 5. d4 Bd6 6. Bd3 O-O 7. Ne2 Re8
8. O-O b6 9. Nf4 Nd7 10. Qf3 Rb8 11. Be3 Nf8 12. Rad1 Ng6 13. Nxg6 hxg6 14. c4
Bb7 15. d5 Be5 16. b3 Qd6 17. Qh3 Bc8 18. Qh4 f5 19. Rfe1 Bd7 20. Bg5 f6 21.
Bd2 g5 22. Qh3 g6 23. Qh6 Re7 24. f4 gxf4 25. Qxg6+ Rg7 26. Qh5 f3 27. Qxf3
Bxh2+ 28. Kf1 f4 29. Qh5 Bg3 30. Re2 Rf8 31. Bf5 Bxf5 32. Qxf5 Rh7 33. Qe6+ Kh8
34. Re4 Qc5 35. Be1 f3 36. gxf3 Bxe1 37. Rdxe1 Rh2 38. R1e3 Qa3 39. Kg1 Rh6 40.
Rg4 Qc1+ 41. Re1 Qc2 42. Qe2 Qh7 43. Qg2 Qf7 44. Qg3 Kh7 45. Re2 Qh5 46. Rg2
Qe8 47. Kf2 f5 48. Rh4 Rg8 49. Qxc7+ 1-0

[Event "Skopje MKD"]
[Site "Skopje MKD"]
[Date "2014.04.04"]
[Round "8.64"]
[White "Nikolova, Adriana"]
[Black "Brzezinski, Adam"]
[Result "1-0"]
[WhiteElo "2341"]
[BlackElo "2165"]
[PlyCount "71"]
[EventDate "2014.03.29"]
[EventType "swiss"]
[EventRounds "9"]

1. e4 e6 2. d4 d5 3. Nd2 Be7 4. Bd3 c5 5. dxc5 Nf6 6. Qe2 O-O 7. Ngf3 a5 8. c4
Nc6 9. O-O Nb4 10. Bb1 Bxc5 11. cxd5 exd5 12. e5 Re8 13. Qd1 Nd7 14. Nb3 Be7
15. Nbd4 Nf8 16. Re1 Nc6 17. h3 Nxd4 18. Qxd4 b6 19. a3 Bc5 20. Qf4 Ne6 21. Qg3
Ba6 22. b3 b5 23. Ra2 b4 24. a4 Ra7 25. Rd1 Rd7 26. h4 d4 27. Bf5 Rd5 28. Be4
Bb7 29. Ng5 h6 30. Nh3 Kh8 31. Qf3 Re7 32. Bxh6 gxh6 33. Qf6+ Kg8 34. Rd3 Ng5
35. hxg5 Rdxe5 36. gxh6 1-0

[Event "Skopje MKD"]
[Site "Skopje MKD"]
[Date "2014.04.04"]
[Round "8.65"]
[White "Milutinovic, Stefana"]
[Black "Yildiz, Betul Cemre"]
[Result "0-1"]
[WhiteElo "2048"]
[BlackElo "2337"]
[PlyCount "64"]
[EventDate "2014.03.29"]
[EventType "swiss"]
[EventRounds "9"]

1. Nf3 Nf6 2. c4 c5 3. Nc3 d5 4. cxd5 Nxd5 5. e3 Nc6 6. Bc4 Nb6 7. Bb5 Bd7 8.
O-O a6 9. Be2 Bf5 10. a3 e6 11. d3 Be7 12. b3 O-O 13. Bb2 Qd7 14. Qc2 Bf6 15.
Rfd1 Rac8 16. Ne4 Bxb2 17. Qxb2 Qe7 18. Nfd2 Bg6 19. Rac1 Nd7 20. Nc4 f5 21.
Nc3 b5 22. Nd2 Qf6 23. b4 cxb4 24. axb4 f4 25. Nf3 fxe3 26. fxe3 Nde5 27. d4
Nxf3+ 28. Bxf3 Qg5 29. Kh1 Qxe3 30. Bxc6 Rxc6 31. Nd5 Rxc1 32. Ne7+ Kf7 0-1

[Event "Skopje MKD"]
[Site "Skopje MKD"]
[Date "2014.04.04"]
[Round "8.66"]
[White "Hadzi Manev, Ljubomir"]
[Black "Marjanovic, Dejan"]
[Result "0-1"]
[WhiteElo "2034"]
[BlackElo "2313"]
[PlyCount "60"]
[EventDate "2014.03.29"]
[EventType "swiss"]
[EventRounds "9"]

1. d4 d6 2. Nf3 Bg4 3. e3 Nf6 4. h3 Bxf3 5. Qxf3 c6 6. c4 Nbd7 7. Nc3 e5 8. b3
Qb6 9. Na4 Qc7 10. Bb2 Be7 11. Be2 O-O 12. O-O Rfe8 13. Rfd1 Bf8 14. Rac1 Rad8
15. g4 h6 16. Rc2 e4 17. Qg3 Nb6 18. Nc3 Qe7 19. a4 a6 20. b4 Qe6 21. d5 cxd5
22. cxd5 Qd7 23. a5 Na4 24. b5 Nxb2 25. Rxb2 Qc7 26. Rc1 Nxd5 27. Rb3 Rc8 28.
g5 Qxa5 29. Nxd5 Rxc1+ 30. Bf1 Re5 0-1

[Event "Skopje MKD"]
[Site "Skopje MKD"]
[Date "2014.04.04"]
[Round "8.67"]
[White "Radovanovic, Nikola"]
[Black "Velikic, Adela"]
[Result "1-0"]
[WhiteElo "2308"]
[BlackElo "2078"]
[PlyCount "97"]
[EventDate "2014.03.29"]
[EventType "swiss"]
[EventRounds "9"]

1. d4 Nf6 2. c4 g6 3. Nc3 d5 4. cxd5 Nxd5 5. e4 Nxc3 6. bxc3 Bg7 7. Be3 c5 8.
Qd2 Qa5 9. Rb1 cxd4 10. cxd4 Qxd2+ 11. Kxd2 O-O 12. Bd3 Nc6 13. Ne2 Rd8 14. e5
Bxe5 15. dxe5 Bf5 16. Nc1 Nxe5 17. Rb3 Rac8 18. Ke2 Nxd3 19. Nxd3 Rc2+ 20. Bd2
e5 21. Rd1 Rxa2 22. Nb4 Ra4 23. Bc3 Rxd1 24. Kxd1 Be6 25. Rb2 f6 26. Rd2 a5 27.
Nd5 Kf7 28. Nb6 Ra3 29. Kc2 a4 30. Bb2 Rb3 31. Nxa4 Rb4 32. Nc3 Rh4 33. h3 g5
34. Nd5 g4 35. hxg4 Rxg4 36. Ne3 Rb4 37. Bc3 Ra4 38. Kd3 h5 39. Rb2 Bc8 40. Rb6
Ra2 41. Bb2 Ra5 42. Nc4 Bf5+ 43. Ke3 Rd5 44. Nd6+ Kg6 45. Ne8 Rd1 46. Nxf6 Re1+
47. Kd2 Rg1 48. Ne4+ Kh7 49. Ng5+ 1-0